La Descentralización y el financiamiento para la gestión del desarrollo local : CONFEDELCA III : Tercera Conferencia Centroamericana por la Descentralización del Estado y el Desarrollo Local / [Coordinación: AMUNIC] CONFEDELCA III :
Descripción Física:
146 p. : taules ; 21 cm
MARC
| LEADER | 00000nam a2200000Ia 4500 | ||
|---|---|---|---|
| 001 | 19271 | ||
| 003 | BGR | ||
| 005 | 20260324180058.0 | ||
| 008 | 160829s2004 xx 000 0 cat d | ||
| 080 | |a M-5-436 | ||
| 100 | |a Conferencia Centroamericana por la Descentralización del Estado y el Desarrollo Local (3a : 2003 : Managua) |9 45634 | ||
| 245 | |a La Descentralización y el financiamiento para la gestión del desarrollo local : |b CONFEDELCA III : |b Tercera Conferencia Centroamericana por la Descentralización del Estado y el Desarrollo Local / [Coordinación: |b AMUNIC] | ||
| 260 | |a [Barcelona] : |b Diputación de Barcelona [etc.], |c 2004 | ||
| 300 | |a 146 p. : |b taules ; |c 21 cm | ||
| 590 | |a Celebrada els dies 20, 21 i 22 d'octubre de 2003 al Centro de Convenciones Hotel Intercontinental de Managua | ||
| 650 | |a Descentralització administrativa |x Amèrica Central |x Congressos |9 45635 | ||
| 650 | |a Desenvolupament comunitari |x Amèrica Central |x Congressos |9 45636 | ||
| 710 | 2 | |9 70308 |a Asociación de Municipios de Nicaragua (AMUNIC) | |
| 901 | |a Arxiu | ||
| 942 | |n 1 |2 udc |c MON | ||
| 952 | |0 0 |1 0 |4 0 |6 M5436 |7 1 |9 52742 |a Arxiu |b Arxiu |d 2016-12-01 |l 0 |o M-5-436 |p 19271 |r 2016-12-01 00:00:00 |w 2016-12-01 |y ARXIU | ||
| 999 | |c 56591 |d 56591 | ||